| 000 | 00495nam a22001817a 4500 | ||
|---|---|---|---|
| 003 | CEME | ||
| 005 | 20210628204253.0 | ||
| 008 | 210202b xxu||||| |||| 00| 0 eng d | ||
| 020 | _a81-7808-301-9 | ||
| 040 | _c. | ||
| 082 | _a621.3845 WID | ||
| 100 |
_aMolisch, Andreas.F _957983 |
||
| 245 | _aWideband wirless digital communications | ||
| 260 |
_aINDIA _bPEARSON EDUCATION ASIA _c2001 |
||
| 300 | _aXVI,545P | ||
| 650 |
_aWIDEBAND WIRLESS DIGITAL COMMUNICATIONS _969636 |
||
| 942 |
_cBK _2ddc |
||
| 999 |
_c576839 _d576839 |
||